| 000 | 00649nam a2200193 4500 | ||
|---|---|---|---|
| 008 | 020221s1957 us 1 engYA | ||
| 090 |
_aCB68 _bD93 |
||
| 100 | 1 | _aDurant, Will | |
| 245 | 1 | 0 |
_aThe Reformation : _ba history of European civilization fro Wycliff to Calvin, 100-1564 / _cWill Durant. |
| 260 |
_aNew York : _bSimon and Schuster, _cc1957. |
||
| 300 |
_axviii, 1025 p. : _bills., maps |
||
| 490 | 1 | _aThe story of civilization | |
| 504 | _aIncludes index | ||
| 505 | 0 | _avol. VI | |
| 650 | 4 |
_aCivilization _xHistory. |
|
| 650 | 4 | _aHistory | |
| 650 | 4 | _aReformation. | |
| 951 |
_p17977 _x00013841 _oCB68/D93-VI _j070613111046500 _d2000-12-21 _cREF |
||
| 999 |
_c7631 _d7631 |
||